000 00613nam a2200181 a 4500
001 BRCA_3772
005 20190320204423.0
008 281009s1989----mx-#---###---#000-0#spa-#
041 _aspa
044 _amx
050 4 _aZ232
_b.Q56 1989
100 1 _aQuintana, José Miguel
_91011
245 1 0 _aUn ex-librista y los ex-libris
_ba los 450 años del establecimiento de la imprenta en México
_cJosé Miguel Quintana.
260 _aMéxico
_bPatronato Cultural Iberoamericano, A.C.
_c1989
300 _a16 p.
_c18 cm.
_e1 hoja plegable: Contadero, D.F., 1980
650 1 4 _aEx-libris mexicanos
_99837
942 _2lcc
_cB
999 _c3501
_d3501